| 000 | 00760cam a2200253 a 4500 | ||
|---|---|---|---|
| 005 | 20260322212031.0 | ||
| 008 | data | ||
| 010 | _a 98025695 | ||
| 020 | _a0393046885 | ||
| 020 | _a9780393046885 | ||
| 040 |
_aDLC _cDLC _dDLC |
||
| 050 | 0 | 0 |
_aQC794.6.S85 _bG75 1999 |
| 082 | 0 | 0 |
_a539.7/258 _221 |
| 092 | _a539.7 G75 1999 | ||
| 100 | 1 |
_aGreene, B. _d1963- _q(Brian), |
|
| 245 | 1 | 4 |
_aThe elegant universe : _bsuperstrings, hidden dimensions, and the quest for the ultimate theory / _cB. Greene. |
| 250 | _a1st ed. | ||
| 260 |
_aNew York : _bW. W. Norton, _cc1999. |
||
| 300 |
_axiii, 448 p. : _bill. ; _c24 cm. |
||
| 504 | _aIncludes bibliographical references (p. 427-428) and index. | ||
| 650 | 0 | _aSuperstring theories. | |
| 650 | 0 | _aCosmology. | |
| 001 | data | ||
| 999 |
_c711 _d711 |
||